British Car Brands - Statistics

General Stats
  • This quiz has been taken 83 times
  • The average score is 11 of 27
Answer Stats
Model Brand % Correct
F-Type Jaguar
93%
Continental Bentley
85%
Countryman Mini
80%
Wraith Rolls Royce
80%
P1 McLaren
75%
Defender Range Rover
75%
Vulcan Aston Martin
67%
Evora 400 Lotus
67%
Atom Ariel
57%
Aero8 Morgan
56%
M600 Noble
54%
Griffith TVR
49%
Adam Vauxhall
36%
Mono BAC
34%
7 Caterham
28%
A10 Ascari
23%
T1 Caparo
20%
G60 Ginetta
20%
RXC Radical
18%
AF10 Arash
13%
Bulldog Bowler
10%
Greyhound AC
7%
5 MG
7%
E10 Zenos
7%
RP1 Elemental
5%
RS Ultima
5%
Berus Keating
3%
No matching quizzes found
Score Distribution
Percent of People with Each Score
Percentile by Number Answered
Your Score History
You have not taken this quiz